Statistics for Snus Quiz

Click here to take the quiz!

General Stats

  • This quiz has been taken 61 times
  • The average score is 7 of 16

Answer Stats

Answer% Correct
Siberia
68%
Velo
68%
Loop
62%
Cuba
59%
Killa
51%
Zyn
51%
Pablo
46%
Ettan
43%
Lundgrens
43%
Grov
38%
Kaliber
38%
Skruf
38%
XQS
32%
Frökens
30%
Zone X
27%
Thor
16%

Score Distribution

Percentile by Number Answered

Percent of People with Each Score

Your Score History

You have not taken this quiz